Případy soudce Ti. Rozvod po čínsku /
Případ z oblíbené historicko-detektivní série. Osud ctihodného soudce Ti vůbec nešetří! Právě když byl jmenován do důležité funkce, dostane příkaz k rozvodu se svojí drahou První paní a oženit se s princeznou z císařské rodiny.
Uloženo v:
| Série: | Nové případy soudce Ti,
část 17 |
|---|---|
| Hlavní autor: | |
| Další autoři: | |
| Médium: | E-kniha |
| Jazyk: | Czech |
| Vydáno: |
V Praze :
Garamond,
2025
|
| Vydání: | Vydání druhé |
| Témata: | |
| Příbuzné jednotky: | Z cyklu::
Nové případy soudce Ti |
| Tagy: |
Žádné tagy |
| LEADER | 02949nam a2200505 i 4500 | ||
|---|---|---|---|
| 001 | 312794 | ||
| 003 | CZ PrSKC | ||
| 005 | 20260601215729.0 | ||
| 007 | ta | ||
| 008 | 250828s2025 xr g 000 f cze | ||
| 015 | |a cnb003705067 | ||
| 020 | |a 9788074077135 |q (brožováno) : |c Kč 349,00 | ||
| 035 | |a (OCoLC)1549631196 | ||
| 040 | |a ABG001 |b cze |d ABA001 |e rda | ||
| 041 | 1 | |a cze |h fre | |
| 072 | 7 | |a 821.133.1-3 |x Francouzská próza, francouzsky psaná |2 Konspekt | |
| 080 | |a 821.133.1-31 |2 MRF | ||
| 080 | |a (0:82-312.4) |2 MRF | ||
| 080 | |a (0:82-311.6) |2 MRF | ||
| 100 | 1 | |a Lenormand, Frédéric, |d 1964- |7 mzk2006343198 |4 aut | |
| 240 | 1 | 0 | |a Divorce à la chinoise. |l Česky |
| 245 | 1 | 0 | |a Případy soudce Ti. |p Rozvod po čínsku / |c Frédéric Lenormand ; z francouzského originálu přeložila Vlasta Misařová |
| 246 | 3 | 0 | |a Rozvod po čínsku |
| 250 | |a Vydání druhé | ||
| 264 | 1 | |a V Praze : |b Garamond, |c 2025 | |
| 300 | |a 240 stran ; |c 19 cm | ||
| 336 | |a text |b txt |2 rdacontent | ||
| 337 | |a bez média |b n |2 rdamedia | ||
| 338 | |a svazek |b nc |2 rdacarrier | ||
| 520 | 2 | |a Případ z oblíbené historicko-detektivní série. Osud ctihodného soudce Ti vůbec nešetří! Právě když byl jmenován do důležité funkce, dostane příkaz k rozvodu se svojí drahou První paní a oženit se s princeznou z císařské rodiny. |b Paní Lin Er-ma, vyhnána od rodinného krbu, najde útočiště u divadla, kde ji obsazují do rolí... manželek soudců! To už je na soudce trochu moc, zvláště když ho nyní zaměstnává série vražd mladých žen, musí čelit nájemnému vrahovi s potetovaným čelem, snášet novou družku, zanícenou vyznavačku feng-šuej, špehovat alchymisty s jejich záhadnými kejklemi, přihlížet divadelním představením, v nichž se mu vysmívají, a chránit svou rodinu před úklady nelítostné císařovny Wu. Soudce Ti se za vlády Tchangů opět nenudí! Nakladatelská anotace. | |
| 655 | 7 | |a francouzské romány |7 fd132289 |2 czenas | |
| 655 | 7 | |a detektivní romány |7 fd132010 |2 czenas | |
| 655 | 7 | |a historické romány |7 fd132414 |2 czenas | |
| 655 | 9 | |a French fiction |2 eczenas | |
| 655 | 9 | |a detective novels |2 eczenas | |
| 655 | 9 | |a historical novels |2 eczenas | |
| 700 | 1 | |a Misařová, Vlasta, |d 1942- |7 jx20050720064 |4 trl | |
| 765 | 1 | |t Nouvelles enquêtes du juge Ti | |
| 787 | 0 | 8 | |i Z cyklu: |t Nové případy soudce Ti |g 17 |
| 900 | |a ABA001 |b 20 | ||
| 928 | 9 | |a Albatros Media - Garamond | |
| 044 | |a xr | ||
| 910 | |a RBIT002 | ||
| 998 | |d 422026 |a https://core.palmknihy.cz/api/books/422026/cover?t1mugi |b https://core.palmknihy.cz/api/books/422026/cover/400?t1mugi |c https://core.palmknihy.cz/api/books/422026/cover/50?t1mugi |e 2029-12-06 |g 248 |i 9788074077135 |j https://core.palmknihy.cz/api/books/422026/preview.epub |k https://core.palmknihy.cz/api/books/422026/preview.pdf |l |q 49 |r 1 |s https://www.palmknihy.cz/kniha/422026 |t ebook |y 2025 |z 0 |v Nové případy soudce Ti |w 17 | ||
| 999 | |d 312792 | ||